| 000 | 00551nam a2200181Ia 4500 | ||
|---|---|---|---|
| 008 | 151018s9999 xx 000 0 und d | ||
| 082 |
_bRBASDV33144 _a891.463 |
||
| 100 | _aव पु काळे | ||
| 245 | _aवन फाँर द रोड | ||
| 250 | _b5 | ||
| 260 |
_bमेनका प्रकाशन पुणे _c1999 |
||
| 300 | _a139 | ||
| 600 | _aव पु काळे | ||
| 630 | _aवन फाँर द रोड | ||
| 700 | _aव पु काळे | ||
| 730 | _aवन फाँर द रोड | ||
| 942 | _cBOOK | ||
| 999 |
_c1032664 _d1032661 |
||